Statistics for Australian States and Territories Flag Quiz

Click here to take the quiz!

General Stats

  • This quiz has been taken 52 times
  • The average score is 9 of 11

Answer Stats

Answer% Correct
Queensland
95%
New South Wales
92%
Western Australia
92%
South Australia
89%
Tasmania
89%
Victoria
86%
Northern Territory
84%
Australia Capital Territory
81%
Cocos (Keeling) Islands
81%
Christmas Island
78%
Norfolk Island
73%

Score Distribution

Percentile by Number Answered

Percent of People with Each Score

Your Score History

You have not taken this quiz